Business statistics in practice / (Record no. 178523)
[ view plain ]
| 000 -LEADER | |
|---|---|
| fixed length control field | 01186nam a2200301 a 4500 |
| 001 - CONTROL NUMBER | |
| control field | vtls003249580 |
| 003 - CONTROL NUMBER IDENTIFIER | |
| control field | MY-SjTCS |
| 005 - DATE AND TIME OF LATEST TRANSACTION | |
| control field | 20200226121213.0 |
| 008 - FIXED-LENGTH DATA ELEMENTS--GENERAL INFORMATION | |
| fixed length control field | 121221s2012 nyuda b 001 0 eng d |
| 020 ## - INTERNATIONAL STANDARD BOOK NUMBER | |
| International Standard Book Number | 9781259009297 (pbk. : Int. ed.) |
| 020 ## - INTERNATIONAL STANDARD BOOK NUMBER | |
| International Standard Book Number | 1259009297 (pbk. : Int. ed.) |
| 039 #9 - LEVEL OF BIBLIOGRAPHIC CONTROL AND CODING DETAIL [OBSOLETE] | |
| Level of rules in bibliographic description | 201303291006 |
| Level of effort used to assign nonsubject heading access points | wilmina |
| Level of effort used to assign subject headings | 201303231239 |
| Level of effort used to assign classification | fadzli0512 |
| Level of effort used to assign subject headings | 201303231237 |
| Level of effort used to assign classification | fadzli0512 |
| -- | 201212211104 |
| -- | malathy |
| 082 04 - DEWEY DECIMAL CLASSIFICATION NUMBER | |
| Classification number | 519.502465 |
| Item number | BOW 2012 |
| 100 1# - MAIN ENTRY--PERSONAL NAME | |
| Personal name | Bowerman, Bruce L. |
| 9 (RLIN) | 21465 |
| 245 10 - TITLE STATEMENT | |
| Title | Business statistics in practice / |
| Statement of responsibility, etc. | Bruce L. Bowerman, Richard T. O'Connell, Emily S. Murphree ; with major contributions by Steven C. Huchendorf, Dawn C. Porter, Patrick J. Schur. |
| 250 ## - EDITION STATEMENT | |
| Edition statement | 6th ed. |
| 260 ## - PUBLICATION, DISTRIBUTION, ETC. | |
| Place of publication, distribution, etc. | New York : |
| Name of publisher, distributor, etc. | McGraw-Hill/Irwin, |
| Date of publication, distribution, etc. | 2012. |
| 300 ## - PHYSICAL DESCRIPTION | |
| Extent | xxvii, 899 p. : |
| Other physical details | ill. (some col.), charts ; |
| Dimensions | 28 cm. |
| 504 ## - BIBLIOGRAPHY, ETC. NOTE | |
| Bibliography, etc. note | Includes bibliographical references and indexes. |
| 650 #0 - SUBJECT ADDED ENTRY--TOPICAL TERM | |
| Topical term or geographic name entry element | Commercial statistics. |
| 650 #0 - SUBJECT ADDED ENTRY--TOPICAL TERM | |
| Topical term or geographic name entry element | Statistics. |
| 700 1# - ADDED ENTRY--PERSONAL NAME | |
| Personal name | O'Connell, Richard T. |
| 9 (RLIN) | 21609 |
| 700 1# - ADDED ENTRY--PERSONAL NAME | |
| Personal name | Murphree, Emily S. |
| 9 (RLIN) | 98822 |
| 700 1# - ADDED ENTRY--PERSONAL NAME | |
| Personal name | Huchendorf, Steven C. |
| 9 (RLIN) | 68210 |
| 700 1# - ADDED ENTRY--PERSONAL NAME | |
| Personal name | Porter, Dawn C. |
| 9 (RLIN) | 33553 |
| 700 1# - ADDED ENTRY--PERSONAL NAME | |
| Personal name | Schur, Patrick J. |
| 9 (RLIN) | 68211 |
| 920 ## - Programme | |
| Programme | CAL : 194680 |
| Withdrawn status | Lost status | Source of classification or shelving scheme | Damaged status | Not for loan | Home library | Current library | Date acquired | Cost, normal purchase price | Total Checkouts | Barcode | Date last seen | Date last checked out | Copy number | Uniform Resource Identifier | Cost, replacement price | Koha item type | Public note |
|---|---|---|---|---|---|---|---|---|---|---|---|---|---|---|---|---|---|
| Dewey Decimal Classification | Taylor's Library-TC | Taylor's Library-TC | 19/01/2013 | 155.80 | 2 | 5000140818 | 12/12/2019 | 03/02/2016 | 1 | Floor 4, Shelf 39 , Side 1, TierNo 3, BayNo 4 | 155.80 | Main Collection | CALxx,03000,03,CL |